| 000 | 00563nam a2200193Ia 4500 | ||
|---|---|---|---|
| 999 |
_c6760 _d6760 |
||
| 003 | OSt | ||
| 005 | 20210512110712.0 | ||
| 008 | 151021s9999 xx 000 0 und d | ||
| 020 | _a9966773185 | ||
| 040 |
_aMMU _beng _cMMU _dMMU |
||
| 050 | _aPL8703.5 .W34 1999 | ||
| 100 | _aWamitila K W | ||
| 245 |
_a_Mwenge wa uandishi Mbinu za Insha na Utunzi K.W. Wamitila/ _bMbinu za Insha na Utunzi, |
||
| 260 |
_aNairobi: _bVide- Muwa publishers, _c1999. |
||
| 300 | _a184 p. : | ||
| 500 | _aIncludes index. | ||
| 650 | _a_Uandishi wa Insha | ||
| 942 |
_2lcc _cLOAN LOAN |
||